000 01099nam a22002177a 4500
003 OSt
005 20170408113736.0
008 150409b2013 slv spa
040 _cCRI
082 _a001.4
100 _940995
_aArce Alfaro, Yessica Lisseth
245 1 0 _aHow can teachers support their students from third year of bachelor of arts in english from Universidad Católica de El Salvador to develop their lisneting skills?
_b: Investigación
_cYessica Lisseth Arce Alfaro, Elizabeth Yaneth Beltrán Sánchez, Yessica Yanira Durán Hernández
260 _aIlobasco (Cabañas)
_bUniversidad Católica de El Salvador
_c2015
300 _a104 p.
_c27.5 cm
_e+ 1 disco compacto
502 _aTrabajo de Graduación para optar al título de Licenciado en Ciencias de la educación con especialidad en idioma inglés.
650 0 _92258
_aInvestigación
700 _940996
_aBeltrán Sánchez, Elizabeth Yaneth
700 _940997
_aDurán Hernández, Yessica Yanira
710 _940915
_aUniversidad Católica de El Salvador
_bCentro Regional de Ilobasco
942 _2ddc
_cTG
_hprozim
999 _c27482
_d27482